000 00729nam a2200229 i 4500
001 bgj
100 1 _aRADLEY, Paul
245 1 0 _aHorizons :
_bworkbook : podręcznik dla liceum ogólnokształcącego, liceum profilowanego oraz technikum /
_cPaul Radley [et al.].
260 _aOxford :
_bOxford University Press,
_c2004.
300 _a64 pp :
_bill. ;
_c30 cm.
650 9 _aEnglish language
655 _aTextbooks for foreigners
700 1 _aSIMONS, Daniela.
_eco-author
700 1 _aCAMPBELL, Colin.
_eco-author
700 1 _aWIERUSZEWSKA, Małgorzata.
_eco-author
020 _a0194387089
040 _cBPK
041 0 _aeng
920 _a0-19-438708-9
942 _cKS
008 s uk f |000 0 eng
999 _c48976
_d48976
856 _uhttp://koha.tu.koszalin.pl/cgi-bin/koha/opac-detail.pl?biblionumber=48976
_yKatalog online BPK